Refactoring : (Record no. 36932)

MARC details
000 -LEADER
fixed length control field 00477nam a22001697a 4500
005 - DATE AND TIME OF LATEST TRANSACTION
control field 20250616124427.0
008 - FIXED-LENGTH DATA ELEMENTS--GENERAL INFORMATION
fixed length control field 250616b |||||||| |||| 00| 0 eng d
020 ## - INTERNATIONAL STANDARD BOOK NUMBER
ISBN 978-0201485677
082 ## - DEWEY DECIMAL CLASSIFICATION NUMBER
Classification number 005.8
Item number GAM-R
100 ## - MAIN ENTRY--AUTHOR
Author Name Gamma, Erich
245 ## - TITLE STATEMENT
Title Refactoring :
Remainder of title Improving the Design of Existing Code /
Statement of responsibility, etc. Erich Gamma
260 ## - PUBLICATION, DISTRIBUTION, ETC.
Place of Publication USA:
Name of publisher, distributor, etc. Elsevier;
Date of publication, distribution, etc. 2000.
300 ## - PHYSICAL DESCRIPTION
Pages xxiv, 337 p. :
500 ## - GENERAL NOTE
General note include index.
650 ## - SUBJECT ADDED ENTRY--TOPICAL TERM
Subject / Department DataScience
300 ## - PHYSICAL DESCRIPTION
-- ill;
-- 24 cm.
952 ## - LOCATION AND ITEM INFORMATION (KOHA)
-- 0
-- 0
Holdings
Lost status Damaged status Collection code Permanent Location Current Location Shelving Location Date acquired Full Call Number Accession No./Barcode Date last seen item type Koha item type
    CS/IT Superior Information Resource Center (SIRC) Superior University- Gold Campus Superior Information Resource Center (SIRC) Superior University- Gold Campus Data Science 06/16/2025 005.8 GAM-R 2000 30216 06/16/2025 BOOK BOOK

Powered by Koha